01946cam a22003857a 45000010005000000030006000050050017000110080041000280100017000690200037000860200040001230200025001630200018001880400047002060500016002530820012002691000024002812450126003052460028004312500043004592600037005023000049005394900038005885040060006265050007006865200507006935210029012005210019012296500037012487000041012859060045013269420015013719990015013869520159014014237FISKH20240705162242.0121220s2012 dcua j 001 0 eng d a 2012275027 a1426310293 (reinforced lib. ed.) a9781426310294 (reinforced lib. ed.) a9781426310287 (pbk.) a9780545536332 aYDXCPcYDXCPdGP4dOQXdGL7dJRNdDLCbeng aQL666.C925  a597.98 1 aBarr, Brady,d1963-10aCrocodile encounters :band more true stories of adventures with animals /cby Brady Barr with Kathleen Weidner Zoehfeld.30aAdventures with animals aFirst Scholastic printing, March 2013  aNew York : bScholastic, c2012  a112 pages : bcolor illustrations ; c20 cm 1 aNational Geographic kids chapters aIncludes bibliographical references (p. 111) and index. aP  aFollow along with National Geographic explorer Brady Barr as he crawls into a muddy hole just barely big enough for his shoulders, and comes face to face with thirteen crocodiles! Laugh out loud as you learn how to catch a crocodile using shoe laces and underpants. Read in anticipation to find out what happens when you put a 600-lb crocodile on an airplane in just a flimsy wooden crate. These action-packed stories and more will engage readers and inspire them to go out and explore their own world.8 a650 bLexile Adjusted 8 aP bRaz-Plus  0aCrocodilesvJuvenile literature.1 aZoehfeld, Kathleen Weidner.eAuthor  a7bcbcccopycatd2encipf20gy-gencatlg 2ddccBKn0 c4237d4237 00102ddc40708NFICa001b001cTK Oranged2024-07-05l1oBAR 597.98 QL666.C925 pFISTK00186q2025-12-23r2025-12-09 11:54:08s2025-12-09w2024-07-05yBK